Fundamentos de geología
Salvato in:
| Autore principale: | |
|---|---|
| Altri autori: | |
| Natura: | Libro |
| Lingua: | spagnolo |
| Pubblicazione: |
Ciudad de México
International Thomson
2000
|
| Soggetti: | |
| Tags: |
Aggiungi Tag
Nessun Tag, puoi essere il primo ad aggiungerne!!
|
MARC
| LEADER | 00000nam a2200000 a 4500 | ||
|---|---|---|---|
| 001 | UCO7708 | ||
| 003 | CL-VaPUC | ||
| 008 | 001117e20000000MX |||||||||||||||||spa|d | ||
| 082 | 0 | 4 | |a 551 |b WIC |2 21 |
| 100 | 0 | |a Wicander, Reed |e author |9 452379 | |
| 700 | |a Monroe, James S. |e autor |9 545327 | ||
| 245 | 1 | 0 | |a Fundamentos de geología |
| 300 | |a 445 p | ||
| 942 | |c BK | ||
| 945 | |d 20001117 00:00:00 |a vberengu | ||
| 260 | |a Ciudad de México |b International Thomson |c 2000 | ||
| 650 | 0 | |a Aguas subterráneas |9 260378 | |
| 650 | 7 | |a DESIERTOS |2 CL-VaPUC |9 357427 | |
| 650 | 7 | |a ESTRUCTURA DE LA TIERRA |2 CL-VaPUC |9 355212 | |
| 650 | 7 | |a FORMAS TERRESTRES |2 CL-VaPUC |9 351403 | |
| 650 | 0 | |a Geología física |9 371391 | |
| 650 | 7 | |a GLACIARES |2 CL-VaPUC |9 330909 | |
| 650 | 0 | |a Minerales |9 264051 | |
| 650 | 7 | |a MONTAÑAS |2 CL-VaPUC |9 351402 | |
| 650 | 7 | |a ROCAS IGNEAS |2 CL-VaPUC |9 357477 | |
| 650 | 7 | |a ROCAS METAMORFICAS |2 CL-VaPUC |9 262681 | |
| 650 | 7 | |a ROCAS SEDIMENTARIAS |2 CL-VaPUC |9 261673 | |
| 650 | 7 | |a SEDIMENTO |2 CL-VaPUC |9 452381 | |
| 650 | 0 | |a Terremotos |9 267728 | |
| 650 | 7 | |a TIERRA |2 CL-VaPUC |9 261538 | |
| 650 | 0 | |a Viento |9 360347 | |
| 650 | 0 | |a Volcanes |9 344502 | |
| 650 | 0 | |a Vulcanología |9 360597 | |
| 583 | |a last modification |c 20001117 00:00:00 |k Rodrigo Vera | ||
| 999 | |c 292590 |d 292588 | ||
| 952 | |0 0 |1 0 |4 0 |6 551_000000000000000_WIC_2000 |7 0 |8 A |9 343554 |a BIBING |b BIBING |d 2019-11-20 |i 3666174 |l 3 |m 2 |o 551 WIC 2000 |p 3666174 |r 2025-01-20 |s 2023-08-29 |w 2019-11-20 |y BK |k CCL | ||
| 952 | |0 0 |1 0 |4 0 |6 551_000000000000000_WIC_2000 |7 0 |8 A |9 343555 |a BIBING |b BIBING |d 2019-11-20 |i 367598K |l 1 |m 2 |o 551 WIC 2000 |p 367598K |r 2025-01-20 |s 2023-09-12 |w 2019-11-20 |y BK |k CCL | ||
| 952 | |0 0 |1 0 |4 0 |6 551_000000000000000_WIC_2000 |7 0 |8 A |9 343556 |a BIBING |b BIBING |d 2019-11-20 |i 3676005 |l 1 |o 551 WIC 2000 |p 3676005 |r 2025-01-20 |s 2023-08-25 |w 2019-11-20 |y BK |k CCL | ||
| 952 | |0 0 |1 0 |4 0 |6 551_000000000000000_WIC_2000 |7 0 |8 A |9 343557 |a BIBING |b BIBING |d 2019-11-20 |i 3783189 |l 2 |m 1 |o 551 WIC 2000 |p 3783189 |r 2025-01-20 |s 2023-10-31 |w 2019-11-20 |y BK |k GEO | ||